Movies Set in Boston by Picture - Statistics

General Stats
  • This quiz has been taken 65 times
  • The average score is 6 of 12
Answer Stats
Picture Answer % Correct
Ted
95%
Good Will Hunting
90%
The Social Network
71%
The Departed
69%
Shutter Island
52%
Manchester by the Sea
37%
Mystic River
34%
The Town
34%
Spotlight
31%
Black Mass
21%
Fever Pitch
21%
Road to Boston
2%
No matching quizzes found
Score Distribution
Percent of People with Each Score
Percentile by Number Answered
Your Score History
You have not taken this quiz